| 000 | 00638nam a2200205 u 4500 | ||
|---|---|---|---|
| 005 | 20240806064238.0 | ||
| 008 | 090902s2006 r 000 0 eng d | ||
| 020 | _a9508922710 (10 dígitos) | ||
| 020 | _a9789508922717 (13 dígitos) | ||
| 035 | _aUPN01000172226 | ||
| 049 | _aCG | ||
| 050 | 4 |
_aBF173 _bT5.3 |
|
| 245 | 0 | 0 |
_aTiempo, historia y estructura : _bsu impacto en el psicoanálisis contemporáneo / _ccomp. Leticia Glocer Fiorini. |
| 260 |
_aBuenos Aires : _bLugar, _c2006. |
||
| 300 | _a264 p. | ||
| 440 | 0 | _aIntersecciones | |
| 650 | 4 |
_aPsicoanálisis _91572 |
|
| 700 | 1 |
_aGlocer Fiorini, Leticia, _ecomp. |
|
| 905 | _aLibro | ||
| 999 |
_c144330 _d144330 |
||